Musical Story Origins Quiz Stats

 Plays Quiz Updated Mar 30, 2020

Support Sporcle.
Go Orange.
Score 0/61 Timer 20:00
0 Plays Today
Based on Musical % Correct
1949 memoir of Maria von Trapp, 'The Story of the Trapp Family Singers'The Sound of Music
79.9%
'Anna and the King of Siam' by Margaret LandonThe King and I
75.1%
L. Frank Baum's 1900 'The Wonderful Wizard of Oz' and the 1939 film 'The Wizard of Oz'The Wiz
72.5%
Gregory Maguire's 1995 novel of the same name (based on 'The Wizard of Oz')Wicked
70.9%
James A. Michener's 1947 book 'Tales of the South Pacific'South Pacific
70.5%
The Bible - Joseph storiesJoseph and the Amazing Technicolor Dreamcoat
69.9%
Life of an Argentine political leaderEvita
69%
1975 film 'Monty Python and the Holy Grail'Spamalot
68%
The life of a famous female sharpshooterAnnie Get Your Gun
62.9%
Shakespeare's 'Romeo and Juliet'West Side Story
62.9%
1862 Victor Hugo novel of the same nameLes Misérables
60.2%
Several short stories by Sholem Aleichem, especially 'Tevye and his Daughters'Fiddler on the Roof
59.4%
Charles Dickens (finished) novelOliver!
58.5%
The Bible - Gospel of St. JohnJesus Christ Superstar
57%
George Bernard Shaw's 1912 play 'Pygmalion'My Fair Lady
56.4%
Puccini's opera 'La boheme'Rent
52.6%
1968 Mel Brooks film of the same nameThe Producers
49.7%
Miguel de Cervantes' 17th-century novel 'Don Quixote'Man of La Mancha
47.5%
A series of poems by T.S. EliotCats
43.6%
'The Once and Future King' by T. H. White and Arthurian legendsCamelot
42.4%
Shakespeare's 'Taming of the Shrew'Kiss Me Kate
41.9%
The Bible - Gospel of St. MatthewGodspell
39.4%
Bruno Bettelheim's 1976 book, 'The Uses of Enchantment', and several fairy tales by the Brothers GrimmInto the Woods
36.5%
The 1957 memoirs of the title character, a 1930s burlesque stripperGypsy
35.8%
1988 John Waters film of the same nameHairspray
35.1%
The life of a famous 19th-century showman and circus founderBarnum
34%
1998 movie of the same name (starring Adam Sandler)The Wedding Singer
32.7%
Several Roman farces by Plautus, especially 'Pseudolus', 'Miles Gloriosus' and 'Mostellaria'A Funny Thing Happened on the Way to the Forum
32.5%
Frances Hodgson Burnett's 1911 children's novel of the same nameThe Secret Garden
29.9%
John Van Druten's 1951 play 'I Am a Camera', which was adapted from Christopher Isherwood's 1939 novel 'Goodbye to Berlin'Cabaret
27.2%
Puccini's opera 'Madame Butterfly'Miss Saigon
26.6%
Based on Musical % Correct
Federico Fellini's 1963 semi-autobiographical film '8 1/2'Nine
26.4%
Verdi opera of the same nameAida
26.2%
Gaston Leroux's 1910 novel of the (almost) same namePhantom of the Opera (or Phantom)
25.7%
Thornton Wilder's 1938 farce 'The Merchant of Yonkers' (later retitled 'the Matchmaker')Hello, Dolly!
22.8%
Several short stories by Damon Runyon, especially 'The Idyll of Miss Sarah Brown'Guys and Dolls
21.3%
2000 British film of the same nameBilly Elliot
18.4%
Harold Gray comic stripAnnie
17.9%
1973 Christopher Bond play of the same name, and British urban legendSweeney Todd
17.6%
E. L. Doctorow's 1975 novel of the same nameRagtime
17.4%
1997 British film of the same nameThe Full Monty
15.6%
1967 film of the same name (starring Julie Andrews)Thoroughly Modern Millie
14.6%
Charles Dickens (unfinished) novelThe Mystery of Edwin Drood
14.4%
Famous Weekly World News articleBat Boy
14%
Sam Raimi horror moviesEvil Dead
13.8%
Lynn Riggs' 1931 play, 'Green Grow the Lilacs'Oklahoma
12.6%
1926 play of the same name by reporter Maurine Dallas WatkinsChicago
11.6%
The Bible - Adam and Noah storiesChildren of Eden
10.8%
1905 novel of the same name by Baroness OrczyThe Scarlet Pimpernel
10.7%
Novella by Robert Louis StevensonJekyll & Hyde
10.6%
Ingmar Bergman film 'Smiles of a Summer Night'A Little Night Music
10.4%
1960 Roger Corman movie of the same nameLittle Shop of Horrors
10.4%
Richard Bissell's novel '7 1/2 Cents'The Pajama Game
10.2%
1913 Atlanta trial of Leo FrankParade
9.2%
1955 novel by Patrick DennisMame
9%
Loosely based on the play 'The Romancers' ('Les Romanesques') by Edmond RostandThe Fantasticks
6.7%
Stories by P. G. WodehouseBy Jeeves
4.6%
1933 movie and previous novel by Bradford Ropes42nd Street
4.4%
1960 novella of the same name by Elizabeth SpencerThe Light in the Piazza
4.3%
Rosa Guy's novel 'My Love, My Love'Once on This Island
2.9%
Novella of the same name by David GarnettAspects of Love
2.9%

You're not logged in!

Compare scores with friends on all Sporcle quizzes.
OR
Log In

From the Vault

MLB 2013 World Series: Boston vs. St. Louis

by PhilThePain

This world series doesn't feature the most intimidating team names in the world, but they are very close to the same color.
Remove Ads.
Support Sporcle.
Get the best of Sporcle when you Go Orange. This ad-free experience offers more features, more stats, and more fun while also helping to support Sporcle. Thank you for becoming a member.

Show Comments

Extras

Top Quizzes Today


Score Distribution

Your Account Isn't Verified!

In order to create a playlist on Sporcle, you need to verify the email address you used during registration. Go to your Sporcle Settings to finish the process.

Report this User

Report this user for behavior that violates our Community Guidelines.

Details: